000
00271nam a2200109Ia 4500
008
200302s9999 xx 000 0 und d
100
_a
neil Kagan
245
_a
Buildings for Commerce and Industry
260
_b
An Architectural Record Book
260
_c
1978
300
_a
228 P.,
999
_c
43
_d
43